|
|
|
|
| LEADER |
01082nam a2200313 i 4500 |
| 001 |
33838 |
| 003 |
BD-DhAAL |
| 005 |
20211123112851.0 |
| 008 |
180930s2011 nyu 000 1 eng |
| 999 |
|
|
|c 40084
|d 40084
|
| 010 |
|
|
|a 2011921296
|
| 020 |
|
|
|a 9781935869054 (pbk. : alk. paper)
|
| 040 |
|
|
|a DLC
|b eng
|c DLC
|e rda
|d DLC
|d BD-DhAAL
|
| 042 |
|
|
|a pcc
|
| 050 |
0 |
0 |
|a PS3622.E85
|b Z24 2011
|
| 082 |
0 |
0 |
|a 813.6
|2 23
|
| 100 |
1 |
|
|a Veselka, Vanessa.
|9 28359
|
| 245 |
1 |
0 |
|a Zazen /
|c Vanessa Veselka
|
| 260 |
|
|
|a Brooklyn, New York :
|b Red Lemonade,
|c c2011
|
| 300 |
|
|
|a 264 pages ;
|c 21 cm.
|
| 526 |
|
|
|a ENH
|
| 541 |
|
|
|a Trim Education
|e 33838
|
| 650 |
|
0 |
|a Bomb threats
|v Fiction.
|9 28360
|
| 650 |
|
0 |
|a City and town life
|v Fiction.
|9 28361
|
| 650 |
|
0 |
|a English literature
|9 43022
|
| 655 |
|
7 |
|a Dystopias
|2 gsafd
|9 43023
|
| 852 |
|
|
|a Ayesha Abed Library
|c General Stacks
|
| 942 |
|
|
|2 ddc
|c BK
|
| 952 |
|
|
|0 0
|1 0
|2 ddc
|4 0
|6 813_600000000000000_VES
|7 0
|9 64427
|a BRACUL
|b BRACUL
|c GEN
|d 2018-09-24
|e Trim Education
|g 1515.00
|l 2
|m 4
|o 813.6 VES
|p 3010033838
|r 2026-04-06
|s 2026-02-19
|t 1
|v 1515.00
|w 2018-09-24
|y BK
|